| 000 | 00548nam a2200181Ia 4500 | ||
|---|---|---|---|
| 003 | OSt | ||
| 005 | 20200821101726.0 | ||
| 008 | 190216s9999||||xx |||||||||||||| ||und|| | ||
| 020 | _a9788131792155 | ||
| 040 | _coclc | ||
| 082 |
_a541.369 _bRAJ/C |
||
| 100 |
_aRajaram, J _94240 |
||
| 245 | 0 |
_aChemical Thermodynamics : _bClassical, Statistical and Irreversible / _cJ Rajaram ; J C Kuriacose |
|
| 260 |
_bPearson, _c2013. _aDelhi: |
||
| 300 | _a676p | ||
| 650 | _aChemistry | ||
| 942 |
_cBK _2ddc _h541.369 _iRAJ/C _k541.369 _mRAJ/C |
||
| 999 |
_c3585 _d3585 |
||